Carregando...
Microbial biotechnology : progress and trends
Incorporates the Experiences of World-Class ResearchersMicrobial Biotechnology: Progress and Trends offers a theoretical take on topics that relate to microbial biotechnology. The text uses the ""novel experimental experiences"" of various contributors from around the world-des...
| Autor principal: | |
|---|---|
| Formato: | Printed Book |
| Publicado em: |
Boca Raton
CRC Press
2014
|
| Assuntos: |
| LEADER | 01139nam a22001577a 4500 | ||
|---|---|---|---|
| 999 | |c 27072 |d 27072 | ||
| 020 | |a 9781138748699 | ||
| 082 | |a 660.62 |b DAR/MI | ||
| 100 | |a Darvishi Harzevili, Farshad, Ed. |a Chen, Hongzhang | ||
| 245 | |a Microbial biotechnology : progress and trends | ||
| 260 | |a Boca Raton |b CRC Press |c 2014 | ||
| 300 | |a 365p. | ||
| 520 | |a Incorporates the Experiences of World-Class ResearchersMicrobial Biotechnology: Progress and Trends offers a theoretical take on topics that relate to microbial biotechnology. The text uses the ""novel experimental experiences"" of various contributors from around the world-designed as case studies-to highlight relevant topics, issues, and recent developments surrounding this highly interdisciplinary field. It factors in metagenomics and microbial biofuels production, and incorporates major contributions from a wide range of disciplines that include microbiology, biochemistry, genetics, mole. | ||
| 650 | |a Microbial biotechnology. | ||
| 942 | |c BK | ||
| 952 | |0 0 |1 0 |4 0 |6 660_620000000000000_DAR_MI |7 0 |8 NFIC |9 37879 |a KUFOS |b KUFOS |c GEN |d 2019-04-16 |o 660.62 DAR/MI |p 20190 |r 2019-04-16 |w 2019-04-16 |y BK | ||